| 000 -LEADER |
| fixed length control field |
01250cam a22002174a 4500 |
| 020 ## - INTERNATIONAL STANDARD BOOK NUMBER |
| ISBN |
9251055513 (pbk.) |
| 040 ## - CATALOGING SOURCE |
| Transcribing agency |
UAB |
| 082 ## - DEWEY DECIMAL CLASSIFICATION NUMBER |
| Classification number |
631 FOO 2006 A037 Or. |
| 245 04 - TITLE STATEMENT |
| Title |
The new generation of watershed management programmes and projects : |
| Remainder of title |
a resource book for practitioners and local decision-makers based on the findings and recommendations of an FAO review. |
| 260 ## - PUBLICATION, DISTRIBUTION, ETC. (IMPRINT) |
| Place of publication |
Rome : |
| Name of publisher |
Food and Agriculture Organization of the United Nations, |
| Year of publication |
2006. |
| 300 ## - PHYSICAL DESCRIPTION |
| Number of Pages |
x, 128 p. : |
| Other physical details |
ill. ; |
| Dimensions |
30 cm. |
| 500 ## - GENERAL NOTE |
| General note |
"Prepared in collaboration with: European Observatory of Mountain Forests (EOMF), International Centre for Integrated Mountain Development (ICIMOD), Red Latinoamericana de Cooperación Técnica en Manejo de Cuencas Hidrográficas (REDLACH), World Agroforestry Centre (ICRAF)." |
| 650 #0 - SUBJECT ADDED ENTRY--TOPICAL TERM |
| Topical Term |
Watershed management. |
| 710 2# - ADDED ENTRY--CORPORATE NAME |
| Corporate name or jurisdiction name as entry element |
Food and Agriculture Organization of the United Nations. |
| 710 2# - ADDED ENTRY--CORPORATE NAME |
| Corporate name or jurisdiction name as entry element |
European Observatory of Mountain Forests. |
| 710 2# - ADDED ENTRY--CORPORATE NAME |
| Corporate name or jurisdiction name as entry element |
International Centre for Integrated Mountain Development. |
| 710 2# - ADDED ENTRY--CORPORATE NAME |
| Corporate name or jurisdiction name as entry element |
Red Latinoamericana de Cooperación Técnica en Manejo de Cuencas Hidrográficas. |
| 710 2# - ADDED ENTRY--CORPORATE NAME |
| Corporate name or jurisdiction name as entry element |
World Agroforestry Centre. |
| 856 41 - ELECTRONIC LOCATION AND ACCESS |
| Uniform Resource Identifier |
http://www.loc.gov/catdir/toc/fy0707/2007370688.html |
| 942 ## - ADDED ENTRY ELEMENTS (KOHA) |
| Koha item type |
សៀវភៅភាសាអង់គ្លេស |
| 952 ## - LOCATION AND ITEM INFORMATION (KOHA) |
| Withdrawn status [LOCAL, KOHA] |
0 |